000 00771nam a22002177a 4500
003 OSt
005 20260223015916.0
008 260223b |||||||| |||| 00| 0 eng d
020 _a978-621-04-5391-1
040 _aDWC-Main lib
_cOC
082 _2First edition
_aFil. 371.9 V718e 2025
100 _aVillapando-Buhat, Tina Amor
245 _aEducational assessment of students with additional needs/
_cTina Amor Villapando-Buhat
250 _a First edition
260 _aManila, Philippines:
_bRex Book Store.
_cc2025.
300 _avii, 277 pages:
_billustrations;
_c25 cm.
504 _aIncludes bibliographical references and index.
650 _a1. Special education.
700 _aSheena Jade G. Manuel
942 _2ddc
_cBK - FIL
_e First edition
_kFil.
_n0
999 _c8486
_d8486